000 00716nam a2200205Ii 4500
003 JO-AjNU
008 230605s9999||||xx |||||||||||||| ||und||
040 _aJO-AjNU
_bara
_erda
_cJO-AjNU
041 _aara
050 1 4 _aDS99.U35.H32 1995
100 3 _aتاليف حداد، حسني، م.مشارك مجاعص، سليم,
_eauthor
_937150
245 0 0 _aاناشيد البعل: قراءة جديدة للاساطير الأوغاريتية
250 _aط1
264 3 1 _aبيروت: أمواج للنشر والتوزيع، 1995
300 _a96ص
336 _atext
_btxt
_2rdacontent
337 _aunmediated
_bn
_2rdamedia
338 _avolume
_bnc
_2rdacarrier
650 4 _aديانات بداية
_937151
999 _aA15497
_c19065
_d19065